Southville International School and Colleges
Your cart is empty.
  • Cart
  • Lists
    Public lists Eva Luna New books Lux_list list_1
    Your lists Log in to create your own lists
  • Log in to your account
  • Your cookies
  • Search history
Southville International School and Colleges
  • Advanced search
  • Recent comments
  • Most popular
  • Libraries

Log in to your account

Log in with GOOGLE


If you do not have an external account, but do have a local account, you can still log in:

  1. Home
  2. MARC view: Journalism handbook /
Normal view MARC view ISBD view

Journalism handbook / (Record no. 18158)

[ view plain ]
MARC details
000 -LEADER
fixed length control field 00633nam a22002297a 4500
003 - CONTROL NUMBER IDENTIFIER
control field DEla salle
005 - DATE AND TIME OF LATEST TRANSACTION
control field 20140310183004.0
008 - FIXED-LENGTH DATA ELEMENTS--GENERAL INFORMATION
fixed length control field 130209t xxu||||| |||| 00| 0 eng d
020 ## - INTERNATIONAL STANDARD BOOK NUMBER
International Standard Book Number 971084184x
050 ## - LIBRARY OF CONGRESS CALL NUMBER
Classification number PN5422
Item number .P36 2009
082 ## - DEWEY DECIMAL CLASSIFICATION NUMBER
Classification number PN5422
Item number .P36 2009
100 ## - MAIN ENTRY--PERSONAL NAME
Personal name Pangilinan, Estelita Constantino
245 ## - TITLE STATEMENT
Title Journalism handbook /
Statement of responsibility, etc Estelita Constantino Pangilinan.
250 ## - EDITION STATEMENT
Edition statement rev .ed.
260 ## - PUBLICATION, DISTRIBUTION, ETC. (IMPRINT)
Place of publication, distribution, etc Mandaluyong City :
Name of publisher, distributor, etc National Book Store,
Date of publication, distribution, etc 2009.
300 ## - PHYSICAL DESCRIPTION
Extent x, 205 p. :
Dimensions 26 cm.
Other physical details ill. ;
521 ## - TARGET AUDIENCE NOTE
Target audience note
650 ## - SUBJECT ADDED ENTRY--TOPICAL TERM
Topical term or geographic name as entry element Journalism
942 ## - ADDED ENTRY ELEMENTS (KOHA)
Source of classification or shelving scheme Library of Congress Classification
Koha item type Books
Call number prefix Local
Holdings
Withdrawn status Lost status Source of classification or shelving scheme Damaged status Home library Current library Shelving location Date acquired Source of acquisition Total Checkouts Full call number Barcode Date last seen Copy number Price effective from Koha item type Total Renewals Date checked out
    Library of Congress Classification   College Library College Library Filipiniana Section 11/12/2013 Library Fund   PN 5422 .P36 2009 C12004 05/08/2018 1 11/12/2013 Books    
    Library of Congress Classification   College Library College Library Filipiniana Section 11/12/2013 Library Fund 1 PN 5422 .P36 2009 C12005 09/13/2018 2 11/12/2013 Books 4 08/16/2018

Journalism handbook /

APA

Pangilinan E. C., . (2009). Journalism handbook. Mandaluyong City: National Book Store.

Chicago

Pangilinan Estelita Constantino, . 2009. Journalism handbook. Mandaluyong City: National Book Store.

Harvard

Pangilinan E. C., . (2009). Journalism handbook. Mandaluyong City: National Book Store.

MLA

Pangilinan Estelita Constantino, . Journalism handbook. Mandaluyong City: National Book Store. 2009.

  • Place hold
  • Print
  • Cite
  • Add to your cart (remove)
  • Save record
    BIBTEX Dublin Core MARCXML MARC (non-Unicode/MARC-8) MARC (Unicode/UTF-8) MARC (Unicode/UTF-8, Standard) MODS (XML) RIS
  • More searches
    Search for this title in:
    Other Libraries (WorldCat) Other Databases (Google Scholar) Online Stores (Bookfinder.com) Open Library (openlibrary.org)

Exporting to Dublin Core...

SOUTHVILLE LIBRARY

Southville International School and Colleges Library

1281 Tropical Ave. Cor. Luxembourg St., BF Homes International, Las Pinas City

Tel. No. 8256374 / 252358 Loc. 117/146

Powered by Koha